Online
Catalog

Pasadomañana : (Record no. 17674)

MARC details
000 -CABECERA
campo de control de longitud fija 00798cam a2200241 a 4500
001 - NÚMERO DE CONTROL
campo de control 000018153
005 - FECHA Y HORA DE LA ÚLTIMA TRANSACCIÓN
campo de control 20240422104515.0
008 - DATOS DE LONGITUD FIJA--INFORMACIÓN GENERAL
campo de control de longitud fija 770208s1975 cr 000 j spa d
035 ## - NÚMERO DE CONTROL DEL SISTEMA
Número de control de sistema (DLC) 77452814
040 ## - FUENTE DE LA CATALOGACIÓN
Centro catalogador/agencia de origen DO-SdBNP
Lengua de catalogación spa
Centro/agencia transcriptor DLC
Centro/agencia modificador DLC
-- BNPHU
082 ## - NÚMERO DE LA CLASIFICACIÓN DECIMAL DEWEY
Número de clasificación Ch863.4
Número de documento/Ítem B142p
049 ## - FONDOS LOCALES (OCLC)
Fondos de biblioteca BNGR
100 1# - ENTRADA PRINCIPAL--NOMBRE DE PERSONA
Nombre de persona Baeza Flores, Alberto,
Fechas asociadas al nombre 1914-1998
9 (RLIN) 7565
245 10 - MENCIÓN DE TÍTULO
Título Pasadomañana :
Resto del título relatos /
Mención de responsabilidad, etc. Alberto Baeza Flores.
260 ## - PUBLICACIÓN, DISTRIBUCIÓN, ETC.
Lugar de publicación, distribución, etc. San José, Costa Rica :
Nombre del editor, distribuidor, etc. Época y Ser,
Fecha de publicación, distribución, etc. 1975.
300 ## - DESCRIPCIÓN FÍSICA
Extensión 182 p. ;
Dimensiones 22 cm.
490 0# - MENCIÓN DE SERIE
Mención de serie Narradores de América Latina.
-- Tiempo de ahora
650 #4 - PUNTO DE ACCESO ADICIONAL DE MATERIA--TÉRMINO DE MATERIA
Término de materia o nombre geográfico como elemento de entrada Cuentos chilenos
9 (RLIN) 14649
650 #4 - PUNTO DE ACCESO ADICIONAL DE MATERIA--TÉRMINO DE MATERIA
Término de materia o nombre geográfico como elemento de entrada Literatura chilena
Subdivisión general Siglo xx
9 (RLIN) 39332
830 #0 - PUNTO DE ACCESO ADICIONAL DE SERIE-TÍTULO UNIFORME
Título uniforme Narradores de América Latina.
Nombre de parte o sección de la obra Tiempo de ahora.
9 (RLIN) 39333
910 ## - DATOS DE OPCIÓN DEL USUARIO (OCLC)
Datos de opción del usuario Catalogación por copia / LC
910 ## - DATOS DE OPCIÓN DEL USUARIO (OCLC)
Datos de opción del usuario WM
Holdings
Estado de retiro Estado de pérdida Restricciones de uso No para préstamo Código de colección Localización permanente Ubicación/localización actual Ubicación en estantería Fecha de adquisición Número de inventario Total de préstamos Signatura topográfica completa Código de barras Fecha visto por última vez Precio válido a partir de Tipo de ítem Koha
        Monografías: Libros y Folletos General General Depósito 16.04.2010 LF1   Ch863.4 B142p 18153-10 25.06.2020 25.06.2020 Préstamo en sala

Powered by Koha